Lakberendező program OpenGL felhasználásával

Elmentve itt :
Bibliográfiai részletek
Szerző: Trényi Imre Zsigmond
További közreműködők: Dudásné Nagy Marianna (Témavezető)
Dokumentumtípus: Szakdolgozat
Megjelent: 2004
Tárgyszavak:
Online Access:http://diploma.bibl.u-szeged.hu/2739
LEADER 00836nta a2200181 i 4500
001 dipl2739
005 20130314071749.0
008 110419s2004 hu om 0|| hun d
040 |a SZTE Diploma Repozitórium  |b hun 
041 |a hun 
100 1 |a Trényi Imre Zsigmond 
245 1 0 |a Lakberendező program OpenGL felhasználásával  |h [elektronikus dokumentum] /  |c Imre Zsigmond Trényi 
260 |c 2004 
650 4 |a Informatika 
700 2 |a Dudásné Nagy Marianna  |e ths 
856 4 0 |u http://diploma.bibl.u-szeged.hu/id/eprint/2739/1/2004_trenyi_imre_zsigmond_04_163_melleklet.tgz  |z Dokumentum-elérés  
856 4 0 |u http://diploma.bibl.u-szeged.hu/id/eprint/2739/2/2004_trenyi_imre_zsigmond_04_163_biralat.pdf  |z Dokumentum-elérés  
856 4 0 |u http://diploma.bibl.u-szeged.hu/id/eprint/2739/3/2004_trenyi_imre_zsigmond_04_163.pdf  |z Dokumentum-elérés